TV Title Missing Person Quiz Stats

 Plays Quiz Updated Dec 5, 2018

Support Sporcle.
Go Orange.
Score 0/100 Timer 14:00
1 Play Today
% Correct
SpongeBob
91.3%
Buffy
90.7%
Raymond
90.6%
Charlie
90.4%
Malcolm
90.4%
Alvin
90.4%
Grey
90.1%
Betty
89.8%
Beavis
89.5%
Sabrina
89%
Lucy
88.5%
Grace
88.4%
Dawson
88.4%
Seinfeld
88.3%
Clark
86.1%
House
85.8%
Gilligan
85%
Magnum
84.6%
Hulk
83.5%
Jeannie
82.3%
Stimpy
81.5%
Beaver
81.3%
Frasier
81.2%
Mork
79.8%
Earl
79.2%
Laverne
78.4%
Stevens
78.4%
Josie
78%
Chris
78%
Phineas
77.1%
Veronica
76.6%
Molly
76.3%
Hogan
75%
Ally
74.7%
% Correct
Christine
73.9%
Smart
73.2%
Pee-Wee
72.5%
Lacey
71.8%
Sanford
71.6%
Bean
71.4%
Punky
70.5%
Dexter
70.4%
Joan
67.8%
Jordan
67.6%
Kotter
66.8%
Remington
66.5%
Tosh
66.3%
Columbo
66.2%
Perry
66.2%
Monk
65.4%
Jackie
65.2%
Jeffersons
65.1%
Murphy
64.8%
Fawlty
64.2%
Clarissa
63.9%
Isles
63.4%
Nikita
63.4%
Josh
62.9%
Ali
61.6%
Kangaroo
61.5%
Darkwing
60.4%
Nash
60.1%
Sanders
60%
Dexter
59.9%
Maude
58.3%
McHale
57.6%
Samantha
57.4%
Becker
56.8%
% Correct
Caroline
56.2%
Ted
55.3%
Tara
54.7%
Amos
51.8%
Barney
50.6%
Martin
50.5%
Grant
49.5%
McMillan
46.4%
Pete
46.1%
Kyle
45.4%
King
43.5%
Allie
43.1%
Muir
40.8%
Tru
40.2%
Thyme
39.8%
Kath
38.7%
Jones
38.1%
Ed
37%
Eddie
36.5%
Alex
35.8%
Spenny
32.8%
Jeeves
30.7%
Alan
29.6%
Harvey
28.9%
Ted
28.2%
Fibber
26.9%
Eddie
24.5%
Eli
23.3%
Black
23.1%
Gavin
22.3%
Hetty
20.8%
Greg
19%

You're not logged in!

Compare scores with friends on all Sporcle quizzes.
OR
Log In
Forgot?

From the Vault

Movies Missing 7-Letter Words

by MSUKent

Movies 4m
How could we lose 7 whole letters?
Remove Ads.
Support Sporcle.
Get the best of Sporcle when you Go Orange. This ad-free experience offers more features, more stats, and more fun while also helping to support Sporcle. Thank you for becoming a member.

Show Comments

Extras

Top Quizzes Today


Score Distribution

Your Account Isn't Verified!

In order to create a playlist on Sporcle, you need to verify the email address you used during registration. Go to your Sporcle Settings to finish the process.

Report this User

Report this user for behavior that violates our Community Guidelines.

Details: